Ekologické problémy měst ve vazbě na energetické hospodářství - mobilní zdroje znehodnocování životního prostředí

Na minha lista:
Detalhes bibliográficos
Autor principal: Laurent, Jiří
Formato: Livro
Idioma:tcheco
Publicado em: Praha Ústředí vědeckých, technických a ekonomických informací 1984
Tags: Adicionar Tag
Sem tags, seja o primeiro a adicionar uma tag!

MARC

LEADER 00000nam a2200000 4500
001 c111768
005 20251111112724.5
041 0 |a cze 
044 |a CZ 
245 1 0 |a Ekologické problémy měst ve vazbě na energetické hospodářství - mobilní zdroje znehodnocování životního prostředí  |c Jiří Laurent 
264 1 |a Praha  |b Ústředí vědeckých, technických a ekonomických informací  |c 1984 
300 |a 77 s. 
100 1 |a Laurent, Jiří